书目信息 |
| 题名: |
实用测量学
|
|
| 作者: | 徐时涛 , 夏英宣 编著 | |
| 分册: | ||
| 出版信息: | 重庆 重庆大学出版社 1990.5 |
|
| 页数: | 359页 | |
| 开本: | 26厘米 | |
| 丛书名: | ||
| 单 册: | ||
| 中图分类: | P21 | |
| 科图分类: | ||
| 主题词: | 测量学 | |
| 电子资源: | ||
| ISBN: | 7-5624-0296-5 | |
| 000 | 00677nam 2200229 45 | |
| 001 | 0190007278 | |
| 005 | 20060810095153.67 | |
| 010 | @a7-5624-0296-5@dCNY4.54 | |
| 100 | @a19901126d1990 em y0chiy0121 ea | |
| 101 | 0 | @achi |
| 102 | @aCN@b510000 | |
| 105 | @ay z 000yy | |
| 200 | 10 | @a实用测量学@ASHI YONG CE LIANG XUE@f徐时涛,夏英宣编著@FXU SHI TAO , XIA YING XUAN BIAN ZHU |
| 210 | @a重庆@c重庆大学出版社@d1990.5 | |
| 215 | @a359页@d26厘米 | |
| 540 | 1 | @a实用 测量学@ASHI YONG CE LIANG XUE |
| 606 | @a测量学 | |
| 690 | @aP21 | |
| 701 | 0 | @a徐时涛@AXU SHI TAO@4编著 |
| 701 | 0 | @a夏英宣@AXIA YING XUAN@4编著 |
| 801 | 0 | @aCN@bTSSF@c20060810 |
| 905 | @a10447@dP21@e121 | |
| 实用测量学/徐时涛,夏英宣编著.-重庆:重庆大学出版社,1990.5 |
| 359页;26厘米 |
| ISBN 7-5624-0296-5:CNY4.54 |
| ● |
| 相关链接 |
|
|
|
|
正题名:实用测量学
索取号:P21/121
 
预约/预借
| 序号 | 登录号 | 条形码 | 馆藏地/架位号 | 状态 | 备注 |
| 1 | 0451891 | 204518913 | 密集书库/ [索取号:P21/121] | 在馆 |